• 首页
  • 本馆介绍
  • 公告通知
  • 最新文献
  • 馆藏检索
  • 电子资源
  • 读者导购
  • 参考咨询
  • 我的图书馆
  • 登录
  • 详细信息显示
  • 放入我的书架
  • 预约/预借图书
  • 作者相关作品
  • 分类相关作品
  • 丛书相关作品
  • 出版社相关作品

书目信息

  • 表格格式
  • 工作单格式
  • 卡片格式
题名:
SQL自学通
    
 
作者: 斯蒂芬斯 , Stephens , 普莱夫 , Plew 著 ;陈津利 译
分册:  
出版信息: 北京   机械工业出版社  1998
页数: 10,293页
开本: 26cm
丛书名:
单 册:
中图分类: TP392
科图分类:
主题词: 关系数据库--数据库管理系统
电子资源:
ISBN: 7-111-06669-3
000 01003nam0 2200313 450
001 0100690037
005 20101122143818.0
010    @a7-111-06669-3@dCNY32.00
011    @a7-111-06669-3
100    @a20021005d1998 em y0chiy0110 ea
101 1  @achi@ceng
102    @aCN@b110000
105    @ay z 000yy
106    @ar
200 1  @aSQL自学通@9S Q L Zi Xue Tong @f(美)[R.K.斯蒂芬斯]Ryan K.Stephens,(美)[R.R.普莱夫]Ronald R.Plew著@g陈津利等译@b专著
210    @a北京@c机械工业出版社@d1998
215    @a10,293页@d26cm
300    @a和美国西蒙与舒斯特国际出版公司合作出版
510 1  @aSams' teach yourself SQL in 24 hours@zeng
606 0  @a关系数据库@x数据库管理系统
610 0  @aSQL
690    @aTP392@v3
701  1 @a斯蒂芬斯@9si di fen si@bR.K.@4著
701  1 @aStephens@bRyan K.@4著
701  1 @a普莱夫@9pu lai fu@bR.R.@4著
701  1 @aPlew@bRonald R.@4著
702  0 @a陈津利@c(计算机)@9chen jin li@4译
801  0 @aCN@bAiZhiMarc@c19990128
905    @aBZT@dTP@e20@f1@sTP/20
    
    SQL自学通/(美)[R.K.斯蒂芬斯]Ryan K.Stephens,(美)[R.R.普莱夫]Ronald R.Plew著/陈津利等译.-北京:机械工业出版社,1998
    10,293页;26cm
    和美国西蒙与舒斯特国际出版公司合作出版
    
    ISBN 7-111-06669-3:CNY32.00
    
●
相关链接 在五车中查询图书 在当当中查询图书 在豆瓣中查询图书


正题名:SQL自学通     索取号:TP/20         预约/预借

序号 登录号 条形码 馆藏地/架位号 状态 备注
1 2000102517   2000102517   旧书回溯/ [索取号:TP/20] 在馆    
山东省滨州职业学院图书馆 欢迎您!
大连网信软件有限公司© 版权所有